| 000 -LEADER |
| fixed length control field |
01692cam a22004214a 4500 |
| 001 - CONTROL NUMBER |
| control field |
13015208 |
| 003 - CONTROL NUMBER IDENTIFIER |
| control field |
OSt |
| 005 - DATE AND TIME OF LATEST TRANSACTION |
| control field |
20210417102032.0 |
| 008 - FIXED-LENGTH DATA ELEMENTS--GENERAL INFORMATION |
| fixed length control field |
021127r20021978mau b 001 0 eng |
| 010 ## - LIBRARY OF CONGRESS CONTROL NUMBER |
| LC control number |
2002191290 |
| 020 ## - INTERNATIONAL STANDARD BOOK NUMBER |
| International Standard Book Number |
0618257764 (pbk.) |
| 040 ## - CATALOGING SOURCE |
| Original cataloging agency |
DLC |
| Transcribing agency |
DLC |
| Modifying agency |
DLC |
| 042 ## - AUTHENTICATION CODE |
| Authentication code |
pcc |
| 043 ## - GEOGRAPHIC AREA CODE |
| Geographic area code |
n-us--- |
| 050 00 - LIBRARY OF CONGRESS CALL NUMBER |
| Classification number |
E221 |
| Item number |
.W64 2002 |
| 080 ## - UNIVERSAL DECIMAL CLASSIFICATION NUMBER |
| Universal Decimal Classification number |
94 |
| Item number |
W-69 |
| 082 00 - DEWEY DECIMAL CLASSIFICATION NUMBER |
| Classification number |
973.3/13 |
| Edition number |
21 |
| 100 1# - MAIN ENTRY--PERSONAL NAME |
| Personal name |
Wills, Garry, |
| Dates associated with a name |
1934- |
| 245 10 - TITLE STATEMENT |
| Title |
Inventing America : |
| Remainder of title |
Jefferson's Declaration of Independence / |
| Statement of responsibility, etc. |
Garry Wills. |
| 246 33 - VARYING FORM OF TITLE |
| Title proper/short title |
Jefferson's Declaration of Independence |
| 250 ## - EDITION STATEMENT |
| Edition statement |
1st Mariner Books ed. |
| 260 ## - PUBLICATION, DISTRIBUTION, ETC. |
| Place of publication, distribution, etc. |
Boston : |
| Name of publisher, distributor, etc. |
Houghton Mifflin Co., |
| Date of publication, distribution, etc. |
2002. |
| 300 ## - PHYSICAL DESCRIPTION |
| Extent |
xxvi, 398 p. ; |
| Dimensions |
21 cm. |
| 365 ## - TRADE PRICE |
| Price amount |
15 usd |
| 500 ## - GENERAL NOTE |
| General note |
Originally published: New York : Doubleday, 1978. |
| 500 ## - GENERAL NOTE |
| General note |
"A Mariner book." |
| 504 ## - BIBLIOGRAPHY, ETC. NOTE |
| Bibliography, etc. note |
Includes bibliographical references (p. [372]-373) and indexes. |
| 600 10 - SUBJECT ADDED ENTRY--PERSONAL NAME |
| Personal name |
Jefferson, Thomas, |
| Dates associated with a name |
1743-1826. |
| 610 10 - SUBJECT ADDED ENTRY--CORPORATE NAME |
| Corporate name or jurisdiction name as entry element |
United States. |
| Title of a work |
Declaration of Independence. |
| 650 ## - SUBJECT ADDED ENTRY--TOPICAL TERM |
| Source of heading or term |
USA History |
| 653 ## - INDEX TERM--UNCONTROLLED |
| Uncontrolled term |
ამერიკის შეერთებული შტატების ისტორია |
| 856 41 - ELECTRONIC LOCATION AND ACCESS |
| Materials specified |
Table of contents |
| Uniform Resource Identifier |
<a href="http://www.loc.gov/catdir/toc/fy035/2002191290.html">http://www.loc.gov/catdir/toc/fy035/2002191290.html</a> |
| 856 42 - ELECTRONIC LOCATION AND ACCESS |
| Materials specified |
Publisher description |
| Uniform Resource Identifier |
<a href="http://www.loc.gov/catdir/description/hm031/2002191290.html">http://www.loc.gov/catdir/description/hm031/2002191290.html</a> |
| 856 42 - ELECTRONIC LOCATION AND ACCESS |
| Materials specified |
Contributor biographical information |
| Uniform Resource Identifier |
<a href="http://www.loc.gov/catdir/enhancements/fy0737/2002191290-b.html">http://www.loc.gov/catdir/enhancements/fy0737/2002191290-b.html</a> |
| 906 ## - LOCAL DATA ELEMENT F, LDF (RLIN) |
| a |
7 |
| b |
cbc |
| c |
orignew |
| d |
1 |
| e |
ocip |
| f |
20 |
| g |
y-gencatlg |
| 942 ## - ADDED ENTRY ELEMENTS (KOHA) |
| Source of classification or shelving scheme |
|
| Koha item type |
Books |